00210nam a2200097Ia 4500008004100000100001200041245001700053260001800070942000700088999001700095190216s9999||||xx |||||||||||||| ||und|| aJagathi 0aJapan Daiyam bCurrent Books cBK c23596d23596